000 00992nam a22002417a 4500
005 20240305165617.0
007 cr|||| ||||
008 210908s2005 ca |||||s|||| 00||0 eng d
020 _a9781552211472
035 _a35374
040 _avLex
090 _c12338
_d12338
100 1 _aGeist, Michael
245 1 0 _aIn the Public Interest
_h[Recurso electrónico] :
_bThe Future of Canadian Copyright Law /
_cMichael Geist
256 _aServicio en línea
260 _aToronto:
_bIrwin Law Inc.,
_c2005
300 _a1 recurso electrónico
506 1 _aDisponible solo en los productos indicados
_dvLex Global
_dvLex Global (Academic Edition, excluding Law Schools)
_dvLex Global (U.S. Academic Edition, Law Schools)
_dvLex Global (U.S. Academic Edition, excluding Law Schools)
_dvLex Global (Academic Edition, Law Schools)
650 0 4 _aPropiedad Intelectual
_zCanadá
740 0 _avLex Libros (Servicio en línea)
856 4 0 _uhttps://app.vlex.com/#/sources/35374
942 _cRAA
999 _c170574
_d170574